000 01030nam a2200277 i 4500
001 106609
003 ES-MaACL
005 20231005163508.0
007 t|
008 061205s1970 sp ||||1| spa d
080 _a75 Coronado, Manuel (083.82)
100 1 _aCoronado, Manuel.
_940681
245 1 0 _aCoronado
_b: [exposición, Ateneo de Madrid, Sala Joven - Prado 21, diciembre 1970] /
_c[texto: M. A. García Viñolas].
260 _aMadrid :
_bPublicaciones Españolas,
_c1970.
300 _a[8] p. :
_bil. ;
_c20 cm.
490 1 _aSerie IV, Sala Joven ;
_v4
600 1 4 _aCoronado, Manuel-
_vExposiciones.
_940682
610 2 7 _aAteneo de Madrid-
_vExposiciones-
_y1970-1979.
_91921
655 7 _2tgfbne
_9193628
_aCatálogos de exposiciones
700 1 _aGarcía Viñolas, M. A.
_955418
710 2 _aAteneo de Madrid.
_bSala Joven (Prado, 21)
_91966
830 0 _aSerie IV, Sala Joven ;
_v4
_9185268
852 _aES-MaACL
_j2211-F-5
_9110662
_bR.138344
_cDEPOF
942 _2udc
_cFOLLETOS
999 _c106609
_d106609